000 00668nam a2200289Ia 4500
005 20260324122620.0
008 008 260324s9999 xx 000 0 eng d
020 _a9781315434698
037 _aEBOOK
040 _aCRL
040 _beng
040 _cCRL
041 _2eng
041 _aeng
084 _qCRL
100 _aPertti J Pelto
_91167139
245 0 _aApplied Ethnography
245 0 _bGuidelines for Field Research
260 _bTaylor and Francis
260 _c2013
365 _a
365 _b240
856 _uhttp://www.taylorfrancis.com/books/9781315434698
942 _cEBOOK
999 _c1760016
_d1760016